| 000 | 00566nam a2200145 i 4500 | ||
|---|---|---|---|
| 001 | 149437 | ||
| 003 | ES-MaACL | ||
| 007 | t| | ||
| 008 | 071022s1906 sp ||||1| spa d | ||
| 100 | 1 |
_aVela y Herranz, Antonio. _9113696 |
|
| 245 | 1 | 0 |
_aEstudio del teodolito y del anteojo de pasos de Salmoiraghi y determinación de la latitud y de la hora en las estaciones de Plasencia y Burgos / _cpor Antonio Vela y Herranz. |
| 260 |
_aMadrid : _b[s.n.], _c1906 ( _fImpr. del Instituto Geofráfico y Estadística) |
||
| 300 |
_a158 p. ; _c25 cm. |
||
| 852 |
_aES-MaACL _jB-5277 |
||
| 999 |
_c149437 _d149437 |
||